Подробности
| 000 -МАРКЕР |
| контрольное поле |
01664nam0a22003011 4500 |
| 001 - ИДЕНТИФИКАТОР ЗАПИСИ |
| контрольное поле |
rc\3982542 |
| 005 - ИДЕНТИФИКАТОР ВЕРСИИ |
| контрольное поле |
20260406162116.0 |
| 021 ## - НОМЕР ГОСУДАРСТВЕННОЙ РЕГИСТРАЦИИ |
| Код страны |
Российская Федерация |
| Номер |
[55-28859] |
| 035 ## - ДРУГИЕ СИСТЕМНЫЕ НОМЕРА |
| Идентификатор записи |
(NLR Aleph) 007936322 |
| 100 ## - ДАННЫЕ ОБЩЕЙ ОБРАБОТКИ |
| Данные общей обработки |
20130415d1955 |||y0rusy50 ca |
| 101 1# - ЯЗЫК РЕСУРСА |
| Язык текста, звукозаписи и т.д. |
русский |
| Язык оригинала |
итальянский |
| 102 ## - СТРАНА ПУБЛИКАЦИИ ИЛИ ПРОИЗВОДСТВА |
| Страна публикации |
Российская Федерация |
| 105 ## - ПОЛЕ КОДИРОВАННЫХ ДАННЫХ: ТЕКСТОВЫЕ МАТЕРИАЛЫ, МОНОГРАФИЧЕСКИЕ |
| Кодированные данные о монографическом текстовом документе |
a z ||||| |
| 200 1# - ЗАГЛАВИЕ И СВЕДЕНИЯ ОБ ОТВЕТСТВЕННОСТИ |
| Основное заглавие |
Приключения Чиполлино |
| Сведения, относящиеся к заглавию |
[Сказка |
| -- |
Для мл. и сред. возраста] |
| Первые сведения об ответственности |
Пер. с итал. З. Потаповой |
| Последующие сведения об ответственности |
Под ред. С. Маршака |
| -- |
Рис. В. Сутеева |
| 210 ## - ПУБЛИКАЦИЯ, РАСПРОСТРАНЕНИЕ И ДР. |
| Место издания, распространения и т.д. |
Москва |
| Имя издателя, распространителя и т. д. |
Детгиз |
| Дата издания, распространения и т.д. |
1955 |
| 215 ## - ФИЗИЧЕСКАЯ ХАРАКТЕРИСТИКА |
| Специфическое обозначение материала и объем |
232 с. |
| Другие сведения о физической характеристике |
ил. |
| Размеры |
26 |
| 327 0# - ПРИМЕЧАНИЯ О СОДЕРЖАНИИ |
| Текст примечания |
В кн. также: Три песни к радиопостановке "Приключения Чиполлино" / С.Я. Маршак |
| 464 #0 - АНАЛИТИЧЕСКИЙ УРОВЕНЬ |
| Встроенное поле |
2001#$aТри песни к радиопостановке "Приключения Чиполлино" |
| -- |
700#1$aМаршак$bС.Я.$f1887-1964$gСамуил Яковлевич |
| Заглавие |
Три песни к радиопостановке "Приключения Чиполлино" |
| Автор |
Маршак, Самуил Яковлевич (1887-1964) |
| 700 #1 - ИМЯ ЛИЦА - ПЕРВИЧНАЯ ОТВЕТСТВЕННОСТЬ |
| Код отношения |
Автор |
| Материалы, к которым относится поле |
rus |
| Графика поля |
Кириллица |
| Начальный элемент ввода |
Родари |
| Часть имени, кроме начального элемента ввода |
Д. |
| Даты |
1920-1980 |
| Расширение инициалов личного имени |
Джанни |
| Идентификатор авторитетной/нормативной записи |
RU\NLR\AUTH\779111 |
| Системный номер авторитетной/нормативной записи |
118978 |
| 702 #1 - ИМЯ ЛИЦА - ВТОРИЧНАЯ ОТВЕТСТВЕННОСТЬ |
| Код отношения |
Редактор |
| Материалы, к которым относится поле |
rus |
| Графика поля |
Кириллица |
| Начальный элемент ввода |
Маршак |
| Часть имени, кроме начального элемента ввода |
С. Я. |
| Даты |
1887-1964 |
| Расширение инициалов личного имени |
Самуил Яковлевич |
| Идентификатор авторитетной/нормативной записи |
RU\NLR\AUTH\774792 |
| Системный номер авторитетной/нормативной записи |
114767 |
| 702 #1 - ИМЯ ЛИЦА - ВТОРИЧНАЯ ОТВЕТСТВЕННОСТЬ |
| Код отношения |
Иллюстратор |
| Материалы, к которым относится поле |
rus |
| Графика поля |
Кириллица |
| Начальный элемент ввода |
Сутеев |
| Часть имени, кроме начального элемента ввода |
В. Г. |
| Даты |
1903-1993 |
| Расширение инициалов личного имени |
Владимир Григорьевич |
| Идентификатор авторитетной/нормативной записи |
RU\NLR\auth\778336 |
| Системный номер авторитетной/нормативной записи |
118246 |
| 702 #1 - ИМЯ ЛИЦА - ВТОРИЧНАЯ ОТВЕТСТВЕННОСТЬ |
| Начальный элемент ввода |
Потапова |
| Часть имени, кроме начального элемента ввода |
З. |
| Код отношения |
Переводчик |
| 801 #0 - ИСТОЧНИК ЗАПИСИ |
| Страна |
Российская Федерация |
| Организация |
NLR |
| Правила каталогизации |
psbo |
| 801 #1 - ИСТОЧНИК ЗАПИСИ |
| Страна |
Российская Федерация |
| Организация |
ELAR |
| Источник данных |
rusmarc |
| 852 ## - МЕСТОНАХОЖДЕНИЕ И ШИФР ХРАНЕНИЯ |
| Идентификатор организации |
NLR |
| Шифр хранения (Call Number) |
Дл02 Г-7/322 |
| 942 ## - ДОПОЛНИТЕЛЬНЫЕ ЭЛЕМЕНТЫ ЗАПИСИ (АБИС) |
| Тип экземпляра АБИС |
Книга |
| 980 ## - КОЛЛЕКЦИЯ |
| Название коллекции |
Национальная библиография |